000 01468cam a2200349 i 4500
999 _c3109
_d3109
001 18739664
003 GBCCL
005 20241126110447.0
008 150811s2016 ilu b 011 0 eng
010 _a 2015027432
020 _aGS00005171099
020 _a9781433533464 (hc)
040 _aDLC
_beng
_cDLC
_erda
_dDLC
042 _apcc
050 0 0 _aBS1140.3
_b.B53 2016
082 0 0 _a221.061
_223
_bBIB
245 0 2 _aA biblical-theological introduction to the Old Testament :
_bthe gospel promised /
_cedited by Miles V. Van Pelt ; foreword by J. Ligon Duncan III.
250 _a1st Indian edition
264 1 _aWheaton, Illinois :
_aSecunderabad :
_bCrossway,
_bGS Books,
_c[2016]
_c2017.
300 _a601 pages ;
_c26 cm
336 _atext
_btxt
_2rdacontent
337 _aunmediated
_bn
_2rdamedia
338 _avolume
_bnc
_2rdacarrier
504 _aIncludes bibliographical references and indexes.
630 0 0 _aBible.
_pOld Testament
_vIntroductions.
_93509
700 1 _aVan Pelt, Miles V.,
_d1969-
_eeditor.
_96436
710 2 _aReformed Theological Seminary (Jackson, Miss.)
_96437
776 0 8 _iOnline version:
_tBiblical-theological introduction to the Old Testament
_dWheaton : Crossway, 2016
_z9781433533471
_w(DLC) 2015034829
906 _a7
_bcbc
_corignew
_d1
_eecip
_f20
_gy-gencatlg
942 _2ddc
_cBK
_098